Statystyki dla Miejsca ktore chcialbym odwiedzic #1

Kliknij tutaj aby rozwiązać quiz!

Ogólne statystyki

  • Ten quiz został rozwiązany 3 razy
  • Średni wynik to 11 z 15

Statystyki odpowiedzi

Budynek/miejsceMiasto% Poprawnych
Sagrada FamiliaBarcelona
100%
Brama dawniej murBerlin
100%
SpodekKatowice
100%
Diabelski młynLondyn
100%
Stadion BayernMonachium
100%
Statua WolnościNowy Jork
100%
Stolica polskiej muzykiOpole
100%
Słynna wieżaParyż
100%
Ergo ArenaSopot/Gdańsk
100%
Aleja GwiazdLos Angeles
67%
NiagaraUSA/kanada
67%
Narodowy stadion lekkoatletycznyChorzów
33%
Most KarolaPraga
33%
Plac Św. PiotraWatykan
33%
Słynny festiwalSopot
0%

Rozkład punktacji

Percentyl według liczby udzielonych odpowiedzi

Procent ludzi z każdym wynikiem

Twoja historia wyników

Nie rozwiązałeś tego quizu